[Event "Avoine op 21th"]
[Site "Avoine"]
[Date "2006.07.29"]
[Round "8"]
[White "Bayle, Andre Pierre"]
[Black "Krauss, Jean Luc"]
[Result "0-1"]
[WhiteElo "1520"]
[BlackElo "1880"]
[PlyCount "74"]
[EventDate "2006.07.22"]
[EventType "swiss"]
[EventRounds "9"]
[EventCountry "FRA"]
[SourceTitle "EXT 2007"]
[Source "ChessBase"]
[SourceDate "2006.11.23"]
[SourceVersion "1"]
[SourceVersionDate "2006.11.23"]
[SourceQuality "1"]

1. e4 e6 2. d4 d5 3. Nd2 Nf6 4. e5 Nfd7 5. Ngf3 c5 6. c3 Nc6 7. a3 Qb6 8. Nb3 Be7 9. Be2 0-0 10. 0-0 f6 11. exf6 Bxf6 12. dxc5 Nxc5 13. Nxc5 Qxc5 14. Qc2 e5 15. Bg5 Nd4 16. Be3 Nxf3+ 17. Bxf3 d4 18. Bd2 Qb6 19. Be4 g6 20. Bh6 Bg7 21. Bxg7 Kxg7 22. cxd4 exd4 23. Rae1 Bd7 24. Bd3 Rae8 25. Rc1 Bc6 26. b4 Re5 27. Qd2 Qd8 28. Rc5 Rxc5 29. bxc5 Qd5 30. f3 Qxc5 31. Re1 Qxa3 32. Qg5 Qd6 33. Qe5+ Qxe5 34. Rxe5 Re8 35. f4 Rxe5 36. fxe5 Bd5 37. Bb5 Kf7 0-1